| 000 | 01641nam a22004337a 4500 | ||
|---|---|---|---|
| 001 | 000096655 | ||
| 003 | CHAP | ||
| 005 | 20220329143206.0 | ||
| 008 | 061207s2006 mx r 00010 spa d | ||
| 010 | _a93121 | ||
| 011 | _a94093 | ||
| 035 | _a104677 | ||
| 040 | _cCHAP | ||
| 090 | _aTesis | ||
| 100 | 1 |
_aHernández Valenzuela, Luis Carlos. _954696 |
|
| 245 | 1 | 0 |
_aEfecto de la suplementación de betacaroteno sobre la actividad ovárica y niveles sericos de insulina en cabras / _c/por Luis Carlos Hernández Valenzuela. |
| 260 |
_aBermejillo, Dgo. : _bEl autor, _c2006. |
||
| 300 |
_a69 h. : _bcuadros. |
||
| 502 | _aTesis (Ing. Agr. en Sistemas Pecuarios de Zonas Aridas) -- UACH. Unidad Regional Universitaria de Zonas Aridas | ||
| 590 |
_aALEPH _b10 _c20130110 _lUCH01 _h1515 |
||
| 590 |
_aBATCH-UPD _b10 _c20130110 _lUCH01 _h0527 |
||
| 590 |
_aBATCH-UPD _b10 _c20130410 _lUCH01 _h0207 |
||
| 590 |
_aBATCH-UPD _b10 _c20130410 _lUCH01 _h1614 |
||
| 590 |
_aBATCH-UPD _b10 _c20130914 _lUCH01 _h0932 |
||
| 590 |
_aBATCH-UPD _b10 _c20140324 _lUCH01 _h1500 |
||
| 590 |
_aBATCH-UPD _b10 _c20141002 _lUCH01 _h0832 |
||
| 590 |
_aCONVERSION _b10 _c20130109 _lUCH01 _h1352 |
||
| 590 |
_aE792CSJ _b10 _c20130604 _lUCH01 _h1109 |
||
| 650 | 1 | 4 |
_aCiclo estrual. _923072 |
| 650 | 1 | 4 |
_aGanado cabrío _xGenética. _945013 |
| 650 | 1 | 4 |
_aOvarios. _984386 |
| 650 | 1 | 4 |
_aSangre _xExamen. _9102213 |
| 856 |
_3Finding aid _uhttp://10.13.5.2/tesis/104677.pdf _zTeclea aquí |
||
| 901 | _aBK | ||
| 942 | _cCD | ||
| 942 | _n0 | ||
| 949 |
_aTesis _bBC _cTES _d33724002005470 _eTS2 _fc.2 _h46063 _i104677 _sb |
||
| 949 |
_aTesis _bBC _cTES _d33724002005512 _eTS1 _h46062 _i104677 _sb |
||
| 999 |
_c93121 _d93121 |
||